El siglo XVII /

Los Siglos del Arte es una serie de diccionarios que hacen un recorrido cronológico por las principales corrientes y estilos artísticos de la historia, presentando en relación con cada uno de ellos una rápida caracterización, acompañada de reproducciones de obras de la corriente con un nota explicat...

Popoln opis

Shranjeno v:
Bibliografske podrobnosti
Glavni avtor: Giorgi, Rosa (autor)
Format: Knjiga
Jezik:španščina
Izdano: Barcelona, España : Electa, 2006, c2006
Serija:(Los Diccionarios del Arte. Los Siglos del Arte)
Teme:
Oznake: Označite
Brez oznak, prvi označite!

MARC

LEADER 00000nam^a2200000^a^4500
001 000301946
005 20250521000000.0
009 20260310112559.891
020 |a 978-84-8156-420-4 
037 |a Acervo ITESO - Biblioteca 
041 |a ESP 
082 |a 703.  |b DIC ELE V. 4 
100 |a Giorgi, Rosa  |e (autor) 
245 1 3 |a El siglo XVII /  |c R. Giorgi ; tr. por Juan Vivanco. 
264 4 |a Barcelona, España :  |b Electa,  |c 2006, c2006 
300 |a 383 p. 
336 |a texto  |b txt  |2 rdacontenido 
337 |a sin mediación  |b n  |2 rdamedio 
338 |a volumen  |b nc  |2 rdasoporte 
440 5 |a (Los Diccionarios del Arte.  |p Los Siglos del Arte) 
500 |a Traducción de: Il Seicento 
520 |a Los Siglos del Arte es una serie de diccionarios que hacen un recorrido cronológico por las principales corrientes y estilos artísticos de la historia, presentando en relación con cada uno de ellos una rápida caracterización, acompañada de reproducciones de obras de la corriente con un nota explicativa y breves ensayos sobre los artistas sobresalientes del período. 
649 |a XX 
650 |a Absolutismo -  |x Historia 
650 |a Naturalismo -  |x Historia y Crítica 
650 |a Arte Barroco -  |x Historia y Crítica 
650 |a Arte Realista -  |x Historia y Crítica 
650 |a Arte -  |y Siglo XVII -  |x Tema Principal 
650 |a Arte -  |x Enciclopedias y Diccionarios -  |x Tema Principal 
650 |a Enciclopedias y Diccionarios 
650 |a Historia Moderna -  |y Siglo XVII 
650 |a Europa -  |x Historia -  |y Siglo XVII 
910 |a Fondo General 
920 |a Impresos - Libros 
930 |a Obras de Referencia 
905 |a 102 
901 |a 0500187860  |b IT2  |c REF  |i C123942  |u 20250521 
902 |a https://opac.biblio.iteso.mx/vufind/Record/000301946